[Event "2BLS 1920 SV Worms 1878 - SC Eppingen"]
[Site "?"]
[Date "2019.10.19"]
[Round "1.1"]
[White "Noe, Christopher"]
[Black "Nasshan, Dennis"]
[Result "1-0"]
[WhiteElo "2529"]
[BlackElo "2306"]
[PlyCount "69"]
[EventDate "2019.??.??"]

1. d4 Nf6 2. c4 e6 3. Nf3 d5 4. e3 Be7 5. Nc3 O-O 6. Bd2 dxc4 7. Bxc4 c5 8.
dxc5 Bxc5 9. O-O Nc6 10. Qb1 h6 11. Ne4 Be7 12. Rd1 Qc7 13. Bc3 Rd8 14. Rxd8+
Qxd8 15. Qc2 Qc7 16. Nxf6+ Bxf6 17. Bxf6 gxf6 18. Qe4 Bd7 19. Bd3 f5 20. Qh4
Kg7 21. e4 fxe4 22. Bxe4 Rg8 23. Rd1 Be8 24. h3 f5 25. Bc2 Qe7 26. Qxe7+ Nxe7
27. Bb3 Kf6 28. Rd6 Bf7 29. Nd4 Re8 30. Bxe6 Nc8 31. Bxc8+ Ke5 32. Bd7 Kxd6 33.
Bxe8 Bxe8 34. Nxf5+ Ke5 35. Nxh6 1-0

[Event "2BLS 1920 SV Worms 1878 - SC Eppingen"]
[Site "?"]
[Date "2019.10.19"]
[Round "1.2"]
[White "Karsay, Pascal"]
[Black "Mesaros, Florian"]
[Result "1-0"]
[WhiteElo "2276"]
[BlackElo "2405"]
[PlyCount "71"]
[EventDate "2019.??.??"]

1. Nf3 c5 2. c4 Nc6 3. d4 cxd4 4. Nxd4 Nf6 5. Nc3 e6 6. g3 Qb6 7. Ndb5 Bc5 8.
Bg2 a6 9. Nd6+ Ke7 10. Nde4 Nxe4 11. Nxe4 Bb4+ 12. Bd2 d5 13. cxd5 exd5 14. Nc3
Bxc3 15. bxc3 Rd8 16. Qc2 g6 17. Rb1 Qc5 18. O-O b5 19. Be3 Qc4 20. Qb3 Qxb3
21. axb3 Bf5 22. Ra1 Be4 23. Bb6 Rd7 24. Bh3 f5 25. Rfc1 d4 26. f3 Bd5 27. cxd4
Rb7 28. Bc5+ Kf6 29. b4 a5 30. bxa5 Rxa5 31. Bg2 b4 32. e4 Bc4 33. f4 b3 34.
Rxa5 b2 35. e5+ Ke6 36. Rb1 1-0

[Event "2BLS 1920 SV Worms 1878 - SC Eppingen"]
[Site "?"]
[Date "2019.10.19"]
[Round "1.3"]
[White "Ruck, Robert"]
[Black "Helbig, Daniel"]
[Result "1/2-1/2"]
[WhiteElo "2530"]
[BlackElo "2230"]
[PlyCount "119"]
[EventDate "2019.??.??"]

1. Nf3 f5 2. g3 Nf6 3. Bg2 e6 4. O-O d5 5. d3 Be7 6. Nbd2 O-O 7. e4 dxe4 8.
dxe4 fxe4 9. Ng5 e3 10. fxe3 Nd5 11. Rxf8+ Qxf8 12. Ndf3 Nc6 13. Qd3 Nf6 14.
Nd4 Ne5 15. Qe2 Bd6 16. Bd2 Qe7 17. Rf1 Bd7 18. Bh3 c5 19. Ndf3 Rf8 20. Bc3
Nxf3+ 21. Nxf3 Nd5 22. Bd2 Kh8 23. e4 Nb4 24. c3 Nc6 25. e5 Bc7 26. Bf4 h6 27.
Qe4 Be8 28. Be3 b6 29. Bf4 g5 30. Bd2 Qg7 31. c4 Nd4 32. Nxd4 Rxf1+ 33. Bxf1
cxd4 34. Qxd4 Bxe5 35. Qd8 Qd7 36. Qxd7 Bxd7 37. b4 Bd4+ 38. Kh1 e5 39. h4 gxh4
40. gxh4 Kg7 41. Kg2 Bg4 42. Bd3 h5 43. Be1 Kf6 44. Bf2 Ke6 45. Kg3 Bc3 46. a3
Bb2 47. a4 Bc3 48. c5 bxc5 49. Bxc5 Kd5 50. Bxa7 Bxb4 51. Bb6 Be1+ 52. Bf2 Ba5
53. Kg2 e4 54. Bb5 Ke5 55. Be3 Bd8 56. Kg3 Ba5 57. Kf2 Bd8 58. Kg3 Ba5 59. Kf2
Bd8 60. Kg3 1/2-1/2

[Event "2BLS 1920 SV Worms 1878 - SC Eppingen"]
[Site "?"]
[Date "2019.10.19"]
[Round "1.4"]
[White "Feldmann, Johannes"]
[Black "Medvegy, Zoltan"]
[Result "1/2-1/2"]
[WhiteElo "2198"]
[BlackElo "2539"]
[PlyCount "34"]
[EventDate "2019.??.??"]

1. d4 Nf6 2. c4 c5 3. Nf3 cxd4 4. Nxd4 e5 5. Nb5 d5 6. cxd5 Bc5 7. N5c3 O-O 8.
g3 e4 9. Bg2 Bf5 10. O-O Nbd7 11. Be3 Qe7 12. Bxc5 Qxc5 13. Na3 Nb6 14. Rc1 Qb4
15. Nab5 Rfd8 16. a3 Qe7 17. d6 Qe5 1/2-1/2

[Event "2BLS 1920 SV Worms 1878 - SC Eppingen"]
[Site "?"]
[Date "2019.10.19"]
[Round "1.5"]
[White "Guliyev, Namig"]
[Black "Steinkohl, Thomas"]
[Result "1-0"]
[WhiteElo "2548"]
[BlackElo "2204"]
[PlyCount "35"]
[EventDate "2019.??.??"]

1. e4 c6 2. d4 d5 3. Nc3 dxe4 4. Nxe4 Bf5 5. Ng3 Bg6 6. Nh3 e6 7. Nf4 Bd6 8.
Bc4 Qc7 9. Ngh5 Bxf4 10. Nxf4 Nf6 11. O-O Qd6 12. Re1 Bf5 13. h3 g5 14. Nh5
Nxh5 15. Qxh5 Qxd4 16. Bxe6 Bg6 17. Bg4+ Kf8 18. Qh6+ 1-0

[Event "2BLS 1920 SV Worms 1878 - SC Eppingen"]
[Site "?"]
[Date "2019.10.19"]
[Round "1.6"]
[White "Ollenberger, Roland"]
[Black "Hacker, Jonas"]
[Result "0-1"]
[WhiteElo "2238"]
[BlackElo "2370"]
[PlyCount "98"]
[EventDate "2019.??.??"]

1. e4 e5 2. Nf3 Nc6 3. Nc3 Nf6 4. Bb5 Bb4 5. O-O O-O 6. Nd5 Nxd5 7. exd5 e4 8.
dxc6 exf3 9. Qxf3 dxc6 10. Bd3 Bd6 11. Re1 Qh4 12. g3 Qg4 13. Qxg4 Bxg4 14. b3
f5 15. Bb2 Rae8 16. Bc4+ Kh8 17. Bd4 b6 18. f4 Rd8 19. Be3 Bf3 20. Kf2 Bd5 21.
Bxd5 cxd5 22. Bd4 Rfe8 23. Be5 Bxe5 24. Rxe5 Rxe5 25. fxe5 d4 26. Re1 g6 27.
Kf3 Kg7 28. Kf4 Kf7 29. Kg5 h6+ 30. Kxh6 Rh8+ 31. Kg5 Rh5+ 32. Kf4 Rxh2 33. e6+
Ke7 34. Kg5 Rxd2 35. Kxg6 Rf2 36. Kg5 c5 37. a4 a5 38. Kg6 Rf3 39. Re5 Rf2 40.
Re1 Rf3 41. Re5 f4 42. g4 Re3 43. Rf5 Re2 44. Rxf4 Rxc2 45. Kf5 Re2 46. g5 Rxe6
47. Rh4 d3 48. Rh7+ Kd6 49. Rh3 Re5+ 0-1

[Event "2BLS 1920 SV Worms 1878 - SC Eppingen"]
[Site "?"]
[Date "2019.10.19"]
[Round "1.7"]
[White "Gibicar, Danijel"]
[Black "Schluchter, Steffen"]
[Result "1-0"]
[WhiteElo "2242"]
[BlackElo "2119"]
[PlyCount "63"]
[EventDate "2019.??.??"]

1. e4 c5 2. Nf3 d6 3. d4 cxd4 4. Nxd4 Nf6 5. Nc3 a6 6. Be3 b6 7. f3 Bb7 8. Qd2
e6 9. O-O-O Be7 10. g4 O-O 11. h4 Nc6 12. Nxc6 Bxc6 13. Ne2 Qc7 14. Nd4 Rfc8
15. Kb1 Be8 16. h5 Nd7 17. g5 Nf8 18. Bh3 Qd7 19. f4 Qb7 20. f5 e5 21. Ne2 Rd8
22. Nc3 Bc6 23. f6 gxf6 24. gxf6 Bxf6 25. Rhg1+ Kh8 26. Bg5 Qe7 27. Bxf6+ Qxf6
28. Rdf1 Qe7 29. Qh6 Ne6 30. Nd5 Bxd5 31. exd5 Qf8 32. Qf6+ 1-0

[Event "2BLS 1920 SV Worms 1878 - SC Eppingen"]
[Site "?"]
[Date "2019.10.19"]
[Round "1.8"]
[White "Martin, Mike"]
[Black "Mann, Christian"]
[Result "1-0"]
[WhiteElo "2155"]
[BlackElo "2398"]
[PlyCount "79"]
[EventDate "2019.??.??"]

1. e4 e6 2. d3 d5 3. Nd2 Nf6 4. Ngf3 Be7 5. g3 O-O 6. Bg2 c5 7. O-O Nc6 8. Re1
dxe4 9. dxe4 b6 10. e5 Nd5 11. c3 Qc7 12. Qa4 Rb8 13. Qg4 b5 14. Qh5 b4 15. c4
Nb6 16. b3 Nd7 17. Bb2 Rd8 18. Ne4 g6 19. Qh6 Bf8 20. Qh4 Ne7 21. Nd6 Nf5 22.
Nxf5 gxf5 23. g4 f4 24. Ng5 h6 25. Ne4 Bb7 26. g5 Bxe4 27. Bxe4 Be7 28. Qxh6
Nf8 29. Bc1 Rd4 30. Bxf4 Qd8 31. h4 Rxe4 32. Rxe4 Qd3 33. Rae1 Qf3 34. R1e3
Qd1+ 35. Re1 Qf3 36. g6 Nxg6 37. Bg3 Rd8 38. h5 Bf8 39. Qg5 Be7 40. Qg4 1-0

[Event "2BLS 1920 SF Neuberg - SV 1947 Walldorf"]
[Site "?"]
[Date "2019.10.19"]
[Round "1.1"]
[White "Aczel, Gergely"]
[Black "Lubbe, Nikolas"]
[Result "1-0"]
[WhiteElo "2522"]
[BlackElo "2431"]
[PlyCount "131"]
[EventDate "2019.??.??"]

1. d4 d5 2. c4 e6 3. Nc3 Nf6 4. cxd5 exd5 5. Bg5 c6 6. e3 Be7 7. Bd3 Nbd7 8. h3
h6 9. Bf4 Nb6 10. Nf3 Nc4 11. Qc2 O-O 12. O-O Re8 13. b3 Na3 14. Qb2 a6 15. Na4
Bb4 16. Ne1 Nb5 17. a3 Bd6 18. Bxd6 Nxd6 19. Nc5 Nfe4 20. Nf3 Nxc5 21. dxc5 Bf5
22. Be2 Ne4 23. Nd4 Bd7 24. b4 Qg5 25. Kh2 Qf6 26. Bd3 Ng5 27. Rfe1 h5 28. Re2
Qe5+ 29. Kg1 Qc7 30. Rae1 Ne4 31. a4 a5 32. Bxe4 Rxe4 33. Rb1 axb4 34. Qxb4 Bc8
35. Ra2 f5 36. a5 Ra6 37. Re1 Qe7 38. Qc3 f4 39. Rae2 f3 40. Nxf3 Rc4 41. Qd2
Re4 42. Qc3 Rc4 43. Qb3 Qxc5 44. e4 Rc3 45. Qd1 Rxf3 46. gxf3 d4 47. e5 Rxa5
48. Re4 Bxh3 49. Kh2 Be6 50. Rxd4 Ra2 51. Re2 Rxe2 52. Rd8+ Kf7 53. Qxe2 Qe7
54. Qd2 Qh4+ 55. Kg1 Bd5 56. Rd7+ Ke6 57. Rxg7 b5 58. Qh6+ Kxe5 59. Rg5+ Kd4
60. Rg4+ hxg4 61. Qxh4 Bxf3 62. Kf1 c5 63. Ke1 c4 64. Qf6+ Kc5 65. Qe5+ Kc6 66.
Qe7 1-0

[Event "2BLS 1920 SF Neuberg - SV 1947 Walldorf"]
[Site "?"]
[Date "2019.10.19"]
[Round "1.2"]
[White "Lubbe, Melanie"]
[Black "Gschnitzer, Adrian"]
[Result "0-1"]
[WhiteElo "2242"]
[BlackElo "2412"]
[PlyCount "80"]
[EventDate "2019.??.??"]

1. e4 c5 2. Nf3 Nc6 3. d4 cxd4 4. Nxd4 g6 5. Be2 Bg7 6. Nb3 Nf6 7. Nc3 O-O 8.
O-O d6 9. Bg5 a6 10. Re1 h6 11. Bh4 b5 12. Bf1 Nd7 13. Rb1 Nde5 14. a4 b4 15.
Nd5 g5 16. Bg3 e6 17. Ne3 Bb7 18. Qd2 Qc7 19. h4 Rad8 20. Be2 a5 21. Nf1 Qe7
22. hxg5 hxg5 23. Bb5 d5 24. exd5 Rxd5 25. Qe2 f5 26. f4 gxf4 27. Bxf4 Nd4 28.
Nxd4 Rxd4 29. Bxe5 Re4 30. Qh5 Qc5+ 31. Kh1 Qxe5 32. Rxe4 Qxe4 33. Qg5 Qxc2 34.
Re1 Rf6 35. Rc1 Qf2 36. Nh2 Rh6 37. Be8 Kh7 38. Bf7 Qxb2 39. Kg1 Bd4+ 40. Kh1
Bxg2+ 0-1

[Event "2BLS 1920 SF Neuberg - SV 1947 Walldorf"]
[Site "?"]
[Date "2019.10.19"]
[Round "1.3"]
[White "Tompa, Janos"]
[Black "Wahedi, Ahmad Siar"]
[Result "1-0"]
[WhiteElo "2350"]
[BlackElo "2281"]
[PlyCount "79"]
[EventDate "2019.??.??"]

1. Nf3 d5 2. g3 Nf6 3. Bg2 g6 4. d3 Bg7 5. Nbd2 Nc6 6. e4 dxe4 7. dxe4 Bg4 8.
h3 Be6 9. O-O h6 10. Qe2 Qc8 11. Kh2 g5 12. c3 g4 13. Ng1 gxh3 14. Nxh3 h5 15.
Nf3 Bg4 16. Qc2 Bxf3 17. Bxf3 h4 18. Rh1 hxg3+ 19. Kxg3 Ne5 20. Be2 Nh5+ 21.
Kg2 Qe6 22. Ng5 Qg6 23. f4 Bf6 24. Kf2 O-O-O 25. Rg1 Nc6 26. Be3 e5 27. f5 Qg8
28. Rad1 Nf4 29. Rxd8+ Bxd8 30. Bxf4 exf4 31. Nf3 Qf8 32. Qd2 Qc5+ 33. Kf1 Ne5
34. Qd4 Qxd4 35. cxd4 Nxf3 36. Bxf3 Rh2 37. Rg8 Rxb2 38. e5 c6 39. f6 Kc7 40.
Rf8 1-0

[Event "2BLS 1920 SF Neuberg - SV 1947 Walldorf"]
[Site "?"]
[Date "2019.10.19"]
[Round "1.4"]
[White "Kuenstler, Christian"]
[Black "Gschnitzer, Oswald"]
[Result "1/2-1/2"]
[WhiteElo "2277"]
[BlackElo "2357"]
[PlyCount "35"]
[EventDate "2019.??.??"]

1. d4 Nf6 2. c4 e6 3. Nc3 Bb4 4. Qc2 O-O 5. Nf3 c5 6. dxc5 Na6 7. g3 Nxc5 8.
Bg2 b6 9. O-O Bb7 10. Nb5 Be4 11. Qd1 Nb7 12. Bf4 a6 13. Nd6 Nxd6 14. Bxd6 Bxd6
15. Qxd6 Qb8 16. Qxb8 Raxb8 17. Rfd1 Rfc8 18. Ne5 1/2-1/2

[Event "2BLS 1920 SF Neuberg - SV 1947 Walldorf"]
[Site "?"]
[Date "2019.10.19"]
[Round "1.5"]
[White "Vonthron, Horst"]
[Black "Schaffer, Hendrik"]
[Result "1-0"]
[WhiteElo "2345"]
[BlackElo "2282"]
[PlyCount "127"]
[EventDate "2019.??.??"]

1. e4 d6 2. d4 g6 3. Bc4 Bg7 4. Nf3 c6 5. Qe2 e6 6. Nc3 b5 7. Bd3 b4 8. Nd1 Ne7
9. O-O O-O 10. Bf4 c5 11. dxc5 dxc5 12. Qe3 Qb6 13. Bh6 Bb7 14. Bxg7 Kxg7 15.
Ne5 Qd6 16. Nc4 Qd4 17. a3 Nbc6 18. Qg3 Rad8 19. Nde3 f5 20. exf5 exf5 21. f4
Qf6 22. axb4 cxb4 23. b3 Kh8 24. h4 Rfe8 25. Kh2 Nd5 26. Nxd5 Rxd5 27. Qg5 Qxg5
28. hxg5 Kg7 29. Rfe1 Rxe1 30. Rxe1 Rd7 31. Ra1 h6 32. gxh6+ Kxh6 33. Kg1 Kg7
34. Kf2 Ba8 35. Nb6 axb6 36. Rxa8 Nd4 37. Ke3 Ne6 38. Rc8 Rd6 39. Rc4 Nc5 40.
Rxb4 Nxd3 41. cxd3 Kf6 42. Rc4 g5 43. fxg5+ Kxg5 44. Rc8 f4+ 45. Ke4 Re6+ 46.
Kd4 Rd6+ 47. Kc4 Kf5 48. Rg8 Rc6+ 49. Kb5 Rc3 50. b4 Rxd3 51. Kxb6 Ke6 52. b5
Kd7 53. Kb7 f3 54. gxf3 Rxf3 55. b6 Rf1 56. Kb8 Rb1 57. b7 Rb2 58. Rg4 Rb1 59.
Rc4 Rb2 60. Rc7+ Kd8 61. Rc3 Kd7 62. Rd3+ Ke6 63. Rd4 Ke5 64. Ra4 1-0

[Event "2BLS 1920 SF Neuberg - SV 1947 Walldorf"]
[Site "?"]
[Date "2019.10.19"]
[Round "1.6"]
[White "Lutz, Klaus-Juergen"]
[Black "Mueller, Olaf"]
[Result "0-1"]
[WhiteElo "2240"]
[BlackElo "2336"]
[PlyCount "80"]
[EventDate "2019.??.??"]

1. e4 c5 2. Nf3 Nc6 3. Bb5 g6 4. O-O Bg7 5. Re1 e5 6. Bxc6 dxc6 7. d3 Ne7 8. a4
O-O 9. Be3 b6 10. a5 Rb8 11. Na3 Be6 12. b3 Qc7 13. Qd2 f6 14. axb6 axb6 15. b4
Bg4 16. Qc3 Bxf3 17. gxf3 Qd7 18. Nc4 g5 19. Kf1 Ng6 20. Nd2 Kh8 21. bxc5 b5
22. Ke2 f5 23. exf5 e4 24. Qb3 exf3+ 25. Nxf3 Qxf5 26. Nxg5 Rbe8 27. Ne4 Qh5+
28. Kf1 Re7 29. c3 Qh3+ 30. Ke2 Qh5+ 31. Kd2 Ne5 32. Kc2 Nxd3 33. Rg1 Rxe4 34.
Ra7 Qe2+ 35. Kb1 Rg4 36. Rxg7 Rxg7 37. Bd4 Ne5 38. Rxg7 Kxg7 39. Qe6 Qe4+ 40.
Kb2 Rxf2+ 0-1

[Event "2BLS 1920 SF Neuberg - SV 1947 Walldorf"]
[Site "?"]
[Date "2019.10.19"]
[Round "1.7"]
[White "Fichter, Fabian"]
[Black "Sergin, Mark"]
[Result "1-0"]
[WhiteElo "2251"]
[BlackElo "2191"]
[PlyCount "99"]
[EventDate "2019.??.??"]

1. e4 d5 2. exd5 Qxd5 3. Nc3 Qd6 4. d4 Nf6 5. Nf3 a6 6. g3 Bg4 7. h3 Bh5 8. Bg2
Nc6 9. O-O O-O-O 10. Bf4 Qb4 11. g4 Bg6 12. a3 Qc4 13. Ne5 Nxe5 14. Bxe5 e6 15.
Qe1 Nd5 16. Nxd5 exd5 17. b3 Qb5 18. c4 Qxb3 19. c5 Rd7 20. a4 h5 21. g5 Be7
22. h4 f6 23. Bh2 Bf5 24. Qc1 fxg5 25. hxg5 g6 26. Ra3 Qb4 27. Be5 Re8 28. f4
c6 29. Qe3 Bd8 30. Rb3 Qa5 31. Ra1 Bc7 32. Ra2 Bxe5 33. fxe5 Qd8 34. Rab2 Rf7
35. Rb6 h4 36. Bf1 Be4 37. Bxa6 Ree7 38. Rxc6+ Kb8 39. Rf6 Qc8 40. Qf4 Ka7 41.
Bf1 Rxf6 42. gxf6 g5 43. Qxg5 Rh7 44. Rf2 Qe8 45. Kh2 h3 46. Bb5 Qf7 47. Qg4
Qc7 48. Be8 Qa5 49. f7 Rh8 50. c6 1-0

[Event "2BLS 1920 SF Neuberg - SV 1947 Walldorf"]
[Site "?"]
[Date "2019.10.19"]
[Round "1.8"]
[White "Bethke, Richard"]
[Black "Weber, Marc"]
[Result "1-0"]
[WhiteElo "2368"]
[BlackElo "2202"]
[PlyCount "123"]
[EventDate "2019.??.??"]

1. e4 c6 2. d4 d5 3. e5 Bf5 4. h4 h5 5. Bd3 Bxd3 6. Qxd3 e6 7. Bg5 Ne7 8. Nf3
Qa5+ 9. Nbd2 Qa6 10. c4 Nd7 11. O-O Nb6 12. b3 Nf5 13. Rfd1 Bb4 14. a3 Be7 15.
Bxe7 Kxe7 16. Qc3 Rhd8 17. c5 Nd7 18. Nf1 b6 19. cxb6 axb6 20. Ne3 Nxe3 21.
Qxe3 Rh8 22. b4 Qb7 23. Rac1 b5 24. Qc3 Ra6 25. Ng5 Rf8 26. Qf3 Nb6 27. Qxh5
Nc4 28. Nh7 Rfa8 29. Qg5+ Ke8 30. Qxg7 Qe7 31. Nf6+ Kd8 32. h5 Kc7 33. h6 Qf8
34. Rd3 Rxa3 35. Rxa3 Nxa3 36. Qxf8 Rxf8 37. h7 Rh8 38. Rc3 Nc4 39. Rg3 c5 40.
bxc5 b4 41. Rg8 Rxh7 42. Nxh7 b3 43. Rg3 Nd2 44. Re3 b2 45. Re1 b1=Q 46. Rxb1
Nxb1 47. Ng5 Nc3 48. Nxf7 Ne2+ 49. Kf1 Nxd4 50. g4 Kc6 51. f4 Kxc5 52. Nd8 Kc4
53. g5 Nf5 54. Nxe6 d4 55. g6 d3 56. g7 Ne3+ 57. Kf2 Ng4+ 58. Ke1 Nh6 59. Kd2
Kd5 60. Ng5 Kd4 61. e6 Ng8 62. Nh7 1-0

[Event "2BLS 1920 TSV Schönaich - OSG Baden-Ba"]
[Site "?"]
[Date "2019.10.19"]
[Round "1.1"]
[White "Gozzoli, Yannick"]
[Black "Krassowizkij, Jaroslaw"]
[Result "1/2-1/2"]
[WhiteElo "2604"]
[BlackElo "2436"]
[PlyCount "80"]
[EventDate "2019.??.??"]

1. d4 Nf6 2. Nf3 d5 3. c4 e6 4. Nc3 c5 5. cxd5 Nxd5 6. e4 Nxc3 7. bxc3 cxd4 8.
cxd4 Bb4+ 9. Bd2 Bxd2+ 10. Qxd2 O-O 11. Bc4 Nd7 12. O-O b6 13. Rad1 Bb7 14.
Rfe1 Rc8 15. Bb3 Re8 16. h3 Nf6 17. Qf4 Nh5 18. Qe5 Nf6 19. Re3 b5 20. Qf4 a5
21. d5 e5 22. Nxe5 Qd6 23. Nd3 Qxf4 24. Nxf4 a4 25. f3 g5 26. Ne2 axb3 27. Rxb3
Bxd5 28. Rxb5 Bxa2 29. Rxg5+ Kf8 30. Rf5 Ng8 31. Rd2 Be6 32. Rh5 Nf6 33. Ra5
Red8 34. Rxd8+ Rxd8 35. Nf4 Rd2 36. Kh2 Bd7 37. Kg3 Be8 38. Rf5 Ng8 39. h4 Ne7
40. Rc5 Rd6 1/2-1/2

[Event "2BLS 1920 TSV Schönaich - OSG Baden-Ba"]
[Site "?"]
[Date "2019.10.19"]
[Round "1.2"]
[White "Plenca, Jadranko"]
[Black "Dann, Matthias"]
[Result "1/2-1/2"]
[WhiteElo "2461"]
[BlackElo "2503"]
[PlyCount "47"]
[EventDate "2019.??.??"]

1. e4 c5 2. Nf3 d6 3. Bb5+ Nd7 4. c3 Ngf6 5. Qe2 a6 6. Ba4 e6 7. Bc2 b5 8. d4
Bb7 9. a4 cxd4 10. cxd4 Be7 11. O-O O-O 12. h3 b4 13. Bf4 a5 14. Nbd2 Ba6 15.
Bd3 Bxd3 16. Qxd3 Qb6 17. Rfc1 Rfc8 18. Nb3 Bd8 19. Nfd2 d5 20. e5 Ne8 21. Nf3
h6 22. Be3 Rc6 23. Nfd2 Qa6 24. Qxa6 1/2-1/2

[Event "2BLS 1920 TSV Schönaich - OSG Baden-Ba"]
[Site "?"]
[Date "2019.10.19"]
[Round "1.3"]
[White "Bellahcene, Bilel"]
[Black "Menezes, Christoph"]
[Result "1/2-1/2"]
[WhiteElo "2540"]
[BlackElo "2423"]
[PlyCount "128"]
[EventDate "2019.??.??"]

1. e4 c5 2. Nf3 d6 3. d4 cxd4 4. Nxd4 Nf6 5. Nc3 a6 6. Bg5 Nbd7 7. Bc4 Qb6 8.
O-O Qxb2 9. Nd5 Nxd5 10. Rb1 Qc3 11. Bxd5 e6 12. Bxb7 Rb8 13. Rb3 Qc5 14. Bxc8
Rxc8 15. Qd2 Be7 16. Bxe7 Kxe7 17. Rg3 g6 18. c3 Nf6 19. Re1 h6 20. Nb3 Qb6 21.
h3 Rc4 22. e5 Ne4 23. exd6+ Qxd6 24. Qe2 Rhc8 25. Rd3 Nxc3 26. Qd2 Qf4 27. Qb2
Kf8 28. Qa3+ Kg7 29. Rf3 Qc7 30. Qxa6 Ra4 31. Qd3 Rxa2 32. Qd4+ Kg8 33. Qh4 Re2
34. Rc1 Qe5 35. Qe7 Re1+ 36. Rxe1 Qxe1+ 37. Kh2 Qe5+ 38. g3 Rc7 39. Qd8+ Kg7
40. Re3 Qf6 41. Qxf6+ Kxf6 42. Nd2 Nd5 43. Re2 Ke7 44. Nf1 Rc6 45. Kg2 g5 46.
Nh2 Nc7 47. Nf3 Kf8 48. Rd2 Ke7 49. h4 f6 50. hxg5 hxg5 51. Nd4 Rc5 52. Rc2
Rxc2 53. Nxc2 Kd6 54. Kf3 Kd5 55. Kg4 Ne8 56. Kh5 Ke4 57. Ne1 Kf5 58. Nc2 e5
59. f3 Nd6 60. Ne3+ Ke6 61. Kg6 Nb5 62. Ng4 Nd4 63. Nxf6 Nxf3 64. g4 Nh2
1/2-1/2

[Event "2BLS 1920 TSV Schönaich - OSG Baden-Ba"]
[Site "?"]
[Date "2019.10.19"]
[Round "1.4"]
[White "Ratkovic, Miloje"]
[Black "Halkias, Stelios"]
[Result "0-1"]
[WhiteElo "2456"]
[BlackElo "2530"]
[PlyCount "62"]
[EventDate "2019.??.??"]

1. d4 Nf6 2. c4 e6 3. Nc3 Bb4 4. e3 O-O 5. Nge2 d5 6. a3 Bd6 7. c5 Be7 8. b4 b6
9. Nf4 a5 10. Bb2 c6 11. Nd3 Ba6 12. Be2 Nfd7 13. O-O Bc4 14. Qd2 Na6 15. bxa5
bxc5 16. Na4 cxd4 17. Bxd4 c5 18. Bc3 Bb5 19. Qc2 Bxa4 20. Qxa4 c4 21. Nf4 Nac5
22. Qc2 Bf6 23. Nh5 Bxc3 24. Qxc3 Nf6 25. Nxf6+ Qxf6 26. Qb4 Rfc8 27. Rab1 Qd8
28. e4 Nxe4 29. a6 Rxa6 30. Rfd1 Raa8 31. Rd4 Rab8 0-1

[Event "2BLS 1920 TSV Schönaich - OSG Baden-Ba"]
[Site "?"]
[Date "2019.10.19"]
[Round "1.5"]
[White "Martin, Julian"]
[Black "Wenninger, Philipp"]
[Result "1-0"]
[WhiteElo "2375"]
[BlackElo "2373"]
[PlyCount "59"]
[EventDate "2019.??.??"]

1. e4 c6 2. d4 d5 3. e5 c5 4. dxc5 e6 5. a3 Nc6 6. Nf3 Bxc5 7. b4 Bb6 8. Bb2
Nge7 9. Bd3 Ng6 10. O-O Nf4 11. c4 Nxd3 12. Qxd3 dxc4 13. Qxc4 O-O 14. Nbd2 Bd7
15. Qg4 Ne7 16. Ne4 Ba4 17. Nf6+ Kh8 18. Ng5 h6 19. Qh5 Nf5 20. Nxf7+ Rxf7 21.
Qxf7 gxf6 22. Qxe6 Nd4 23. Qh3 Kh7 24. Rae1 fxe5 25. Rxe5 Qd6 26. Rfe1 Rg8 27.
Re7+ Rg7 28. Qc3 Kg8 29. Rxg7+ Kxg7 30. Re4 1-0

[Event "2BLS 1920 TSV Schönaich - OSG Baden-Ba"]
[Site "?"]
[Date "2019.10.19"]
[Round "1.6"]
[White "Koelle, Tobias"]
[Black "Schmaltz, Roland"]
[Result "0-1"]
[WhiteElo "2281"]
[BlackElo "2461"]
[PlyCount "70"]
[EventDate "2019.??.??"]

1. d4 Nf6 2. c4 e6 3. Nf3 b6 4. g3 Ba6 5. b3 Bb4+ 6. Bd2 Be7 7. Bg2 c6 8. O-O
d5 9. Ne5 Nfd7 10. Nxd7 Nxd7 11. Bc3 Rc8 12. Nd2 f5 13. Re1 O-O 14. Bb2 Bd6 15.
Rc1 Qf6 16. e3 Kh8 17. a3 Qe7 18. b4 Nf6 19. Qa4 Bxc4 20. f3 b5 21. Qc2 Qf7 22.
Nxc4 bxc4 23. Qe2 Qg6 24. e4 fxe4 25. fxe4 Ng4 26. Rf1 Rxf1+ 27. Bxf1 Rf8 28.
Bh3 Nxh2 29. e5 Nf3+ 30. Kg2 Be7 31. Rf1 Nh4+ 32. Kh2 Rxf1 33. Qxf1 Qc2+ 34.
Kg1 Nf5 35. Ba1 Bg5 0-1

[Event "2BLS 1920 TSV Schönaich - OSG Baden-Ba"]
[Site "?"]
[Date "2019.10.19"]
[Round "1.7"]
[White "Schmider, Niklas"]
[Black "Lorscheid, Gerhard"]
[Result "1/2-1/2"]
[WhiteElo "2261"]
[BlackElo "2257"]
[PlyCount "85"]
[EventDate "2019.??.??"]

1. e4 d6 2. d4 Nf6 3. Nc3 e5 4. Nf3 Nbd7 5. Bc4 Be7 6. O-O Nb6 7. Be2 exd4 8.
Nxd4 O-O 9. a4 a5 10. f4 c6 11. Bf3 Re8 12. Kh1 Bf8 13. b3 Bd7 14. Ba3 c5 15.
Ndb5 Bc6 16. Qd3 Qd7 17. Rad1 Rad8 18. h3 d5 19. e5 Ne4 20. Nxe4 dxe4 21. Bxe4
Qxd3 22. cxd3 Bxe4 23. dxe4 c4 24. Bxf8 Rxf8 25. bxc4 Nxa4 26. Ra1 Nc5 27. Rxa5
Nxe4 28. Ra3 h5 29. Re3 f5 30. exf6 Nxf6 31. Re5 Rd2 32. c5 Ra8 33. Rfe1 Raa2
34. Rg1 h4 35. Nd6 Rf2 36. Nxb7 Rxf4 37. Nd6 Rc2 38. Rb1 Kh7 39. Rg5 Nd7 40.
Rb7 Rxc5 41. Rxc5 Nxc5 42. Re7 Kh6 43. Re3 1/2-1/2

[Event "2BLS 1920 Stuttgarter SF - SC Emmending"]
[Site "?"]
[Date "2019.10.19"]
[Round "1.1"]
[White "Baklan, Vladimir"]
[Black "Schitco, Ivan"]
[Result "1/2-1/2"]
[WhiteElo "2592"]
[BlackElo "2492"]
[PlyCount "79"]
[EventDate "2019.??.??"]

1. e4 e5 2. Nf3 Nc6 3. Bb5 a6 4. Ba4 Nf6 5. Nc3 Bc5 6. Bxc6 dxc6 7. d3 Nd7 8.
Ne2 O-O 9. Ng3 Re8 10. Nf5 Nf8 11. g4 Ne6 12. h4 Bf8 13. h5 c5 14. Nxe5 Nd4 15.
Nxd4 Qxd4 16. f4 f6 17. Nf3 Qb4+ 18. c3 Qb6 19. f5 c4 20. e5 cxd3 21. Qxd3 Qc6
22. Rf1 fxe5 23. Ng5 e4 24. Qc2 Qc4 25. Be3 h6 26. Nh3 Bc5 27. Qe2 Qxe2+ 28.
Kxe2 Bd6 29. Rad1 Bd7 30. c4 Bc6 31. b3 b5 32. f6 Rf8 33. fxg7 Kxg7 34. g5 hxg5
35. Nxg5 Rxf1 36. Rxf1 Be8 37. Bd4+ Kg8 38. h6 bxc4 39. bxc4 Be7 40. Nh3
1/2-1/2

[Event "2BLS 1920 Stuttgarter SF - SC Emmending"]
[Site "?"]
[Date "2019.10.19"]
[Round "1.2"]
[White "Kvetny, Mark"]
[Black "Hera, Imre Jr"]
[Result "0-1"]
[WhiteElo "2427"]
[BlackElo "2610"]
[PlyCount "120"]
[EventDate "2019.??.??"]

1. c4 e5 2. Nc3 Nc6 3. Nf3 g6 4. d4 exd4 5. Nxd4 Bg7 6. Nxc6 bxc6 7. g3 Ne7 8.
Bg2 O-O 9. h4 h6 10. O-O d6 11. Rb1 Be6 12. Qd3 d5 13. cxd5 cxd5 14. b3 Bf5 15.
e4 dxe4 16. Qxd8 Raxd8 17. Nxe4 Nd5 18. Ba3 Rfe8 19. Rbe1 Bxe4 20. Bxe4 Nc3 21.
Bc6 Rxe1 22. Rxe1 Nxa2 23. Re2 Nc3 24. Rc2 Rb8 25. b4 Rb6 26. b5 Nxb5 27. Bxb5
Rxb5 28. Rxc7 a5 29. Rc8+ Kh7 30. Rc7 Rf5 31. Kg2 Bd4 32. f4 h5 33. Bd6 Kg7 34.
Kf3 Rf6 35. Rd7 Re6 36. Bc7 Re3+ 37. Kg2 Bc3 38. Kf2 Re6 39. Rd3 Bb4 40. Kf3
Rc6 41. Be5+ f6 42. Rd7+ Kf8 43. Bd4 Ke8 44. Rb7 f5 45. Be5 Bc5 46. Ke2 a4 47.
Kd3 Bf2 48. Rb2 Bxg3 49. Rb8+ Kf7 50. Rb7+ Ke6 51. Rg7 Bxh4 52. Rxg6+ Kd7 53.
Rg8 Be7 54. Rh8 h4 55. Rh5 a3 56. Rxf5 Rh6 57. Rf7 h3 58. f5 Ke8 59. Rg7 h2 60.
Bxh2 Rxh2 0-1

[Event "2BLS 1920 Stuttgarter SF - SC Emmending"]
[Site "?"]
[Date "2019.10.19"]
[Round "1.3"]
[White "Shevchenko, Kirill"]
[Black "Benkovic, Petar"]
[Result "1-0"]
[WhiteElo "2542"]
[BlackElo "2395"]
[PlyCount "75"]
[EventDate "2019.??.??"]

1. e4 c5 2. Nf3 e6 3. d4 cxd4 4. Nxd4 a6 5. Bd3 Nf6 6. O-O d6 7. c4 b6 8. Nc3
Bb7 9. Qe2 g6 10. Rd1 Qc7 11. Nf3 Bg7 12. Bc2 Nfd7 13. Bf4 Ne5 14. Ba4+ Bc6 15.
Rac1 O-O 16. Bxc6 Qxc6 17. Nxe5 Bxe5 18. Qd2 Ra7 19. b3 Rc8 20. Be3 Nd7 21. f4
Bxc3 22. Qxc3 Nc5 23. e5 Rd7 24. exd6 Rcd8 25. Qe5 Rf8 26. Bxc5 Qxc5+ 27. Qxc5
bxc5 28. b4 Rc8 29. Kf2 f6 30. Ke3 cxb4 31. c5 Rc6 32. Kd4 Kf7 33. Kc4 Ke8 34.
Rb1 Rb7 35. Rxb4 Rxb4+ 36. Kxb4 Kd7 37. Kc4 Rc8 38. Rb1 1-0